|
|
|
|
| LEADER |
00763naa a2200181 i 4500 |
| 001 |
acta61821 |
| 005 |
20260224081030.0 |
| 008 |
190926s2018 hu o 000 spa d |
| 020 |
|
|
|a 978 963 315 382 6
|
| 040 |
|
|
|a SZTE Egyetemi Kiadványok Repozitórium
|b hun
|
| 041 |
|
|
|a spa
|
| 100 |
1 |
|
|a Torbágyi Péter
|
| 245 |
1 |
0 |
|a Transnominación y estereotipos gitanos y húngaros en América Latina
|h [elektronikus dokumentum] /
|c Torbágyi Péter
|
| 260 |
|
|
|c 2018
|
| 300 |
|
|
|a 129-137
|
| 490 |
0 |
|
|a 25 év - 25 tanulmány : fejezetek a Hispanisztika Tanszék történetéből 1993-2018
|
| 695 |
|
|
|a Magyarok - Latin-Amerika - története, Cigányok - Latin-Amerika - története
|
| 856 |
4 |
0 |
|u http://acta.bibl.u-szeged.hu/61821/1/25_ev_25_tanulmany_129-137.pdf
|z Dokumentum-elérés
|